| 000 | 00606nam a22002297a 4500 | ||
|---|---|---|---|
| 003 | UA-OsUOA | ||
| 001 | 39196 | ||
| 007 | ta | ||
| 008 | 20060613b un ||||| |||| 00| 0 ukr d | ||
| 100 | _aЛевін Б. | ||
| 090 |
_a821.161.2 _bЛ36 |
||
| 942 | _cBK | ||
| 040 |
_aUA-OsUOA _bukr _cUA-OsUOA _dUA-OsUOA |
||
| 245 |
_aВидно шляхи полтавськії... _bроман |
||
| 300 | _a677 с. | ||
| 955 | _a3 | ||
| 041 | _aukr | ||
| 080 | _a821.161.2 | ||
| 260 |
_aК. _bДніпро _c1984 |
||
| 650 | 7 |
_a82 Література. Літературознавство _2UDC |
|
| 999 |
_c325342 _d325342 |
||